|
|
|
|
| LEADER |
01141cam a2200289 7i4500 |
| 001 |
0000025475 |
| 005 |
20230714090000.0 |
| 008 |
090210 eng |
| 020 |
|
|
|a 9780521805834 (pbk.)
|
| 020 |
|
|
|a 052180583X (pbk.)
|
| 090 |
0 |
0 |
|a PE1074.5
|b .H86 2002
|
| 100 |
1 |
|
|a Hunston, Susan
|
| 245 |
1 |
0 |
|a Corpora in applied linguistics
|c Susan Hunston.
|
| 260 |
|
|
|a Cambridge:
|b Cambridge University Press,
|c 2002.
|
| 300 |
|
|
|a xi, 241 p.;
|c 23 cm.
|
| 490 |
0 |
|
|a Cambridge applied linguistics series
|
| 504 |
|
|
|a Includes bibliographical references and index
|
| 650 |
0 |
0 |
|a Applied linguistics
|
| 650 |
0 |
0 |
|a Computational linguistics
|
| 650 |
0 |
0 |
|a English language --
|x Research --
|x Data processing
|
| 650 |
0 |
0 |
|a English language --
|x Discourse analysis --
|x Data processing
|
| 650 |
0 |
0 |
|a Language and languages --
|x Study and teaching
|
| 997 |
|
|
|a Education & Social Sciences, Faculty
|b Language Education, Department
|
| 998 |
|
|
|a TESL, Diploma
|
| 998 |
|
|
|a Education (TESL), Degree
|
| 999 |
|
|
|a 0000033311
|b BOK
|c OPEN SHELF
|e 1st Floor, Bestari Jaya
|
| 999 |
|
|
|a 0000033312
|b BOK
|c OPEN SHELF
|e 1st Floor, Bestari Jaya
|